00547nam a2200157 a 450000500170000000800410001702000260005803700310008404000180011524500600013326000580019327000530025130000270030450400400033170000180037120100430154525.0100128s2010 nyu b 000 1 eng  a9788126910601c595.00 bPUB / Atlantic Publishers  adplbEnglish  aGender:bproblems and policies /cedited by K.R. Gupta  aNew Delhi bAtlantic Publishers & Distributors c2009 a7/22, Ansari Road, DaryagangbNew Delhi e110002 axii, 272p. c24cm(Hb)  aIncludes bibliographical references aGupta, K.R.